Cohen's Pathways of the Pulp (Record no. 22721)

MARC details
000 -LEADER
fixed length control field 00377nam a22001697a 4500
003 - CONTROL NUMBER IDENTIFIER
control field SGT
020 ## - INTERNATIONAL STANDARD BOOK NUMBER
International Standard Book Number 9788131258088
082 ## - DEWEY DECIMAL CLASSIFICATION NUMBER
Classification number 617.6342
Item number P21B
100 ## - MAIN ENTRY--PERSONAL NAME
Personal name Berman, Louis H.
245 ## - TITLE STATEMENT
Title Cohen's Pathways of the Pulp
250 ## - EDITION STATEMENT
Edition statement 12th South Asia
260 ## - PUBLICATION, DISTRIBUTION, ETC. (IMPRINT)
Name of publisher, distributor, etc Elsevier
Year of Publication 2021
300 ## - PAGE DESCRIPTION
No. of Pages 977
650 ## - SUBJECT ADDED ENTRY--TOPICAL TERM
Topical term or geographic name as entry element Dental Pulp
653 ## - KEYWORDS--INDEX TERM
Keyword term Dental Pulp
942 ## - ADDED ENTRY ELEMENTS (KOHA)
Source of classification or shelving scheme Dewey Decimal Classification
Koha item type Books
942 ## - ADDED ENTRY ELEMENTS (KOHA)
-- 14
Holdings
Withdrawn status Lost status Source of classification or shelving scheme Damaged status Not for loan Home library Current library Date acquired Vendor Name Cost, normal purchase price SGTU Bill Number Total Checkouts Full call number Accession No. (Barcode) Date last seen Date last borrowed Bill Date Koha item type Shelving location
    Dewey Decimal Classification     SGT Dental Library SGT Dental Library 11/05/2022 Ahuja Book Co. Pvt. Ltd. 3740.00 SGTU 14353 5 617.6342 P21B FD8683 30/09/2024 14/09/2024 16/04/2022 Books  
    Dewey Decimal Classification     SGT Dental Library SGT Dental Library 11/05/2022 Ahuja Book Co. Pvt. Ltd. 3740.00 SGTU 14353 8 617.6342 P21B FD8684 07/08/2025 07/08/2025 16/04/2022 Books  
    Dewey Decimal Classification     SGT Dental Library SGT Dental Library 11/05/2022 Ahuja Book Co. Pvt. Ltd. 3740.00 SGTU 14353 3 617.6342 P21B FD8685 17/01/2026 17/01/2026 16/04/2022 Books  
    Dewey Decimal Classification   Not For Loan SGT Dental Library SGT Dental Library 11/05/2022 Ahuja Book Co. Pvt. Ltd. 3740.00 SGTU 14353   617.6342 P21B FD8686 11/05/2022   16/04/2022 Books Reference Book
    Dewey Decimal Classification     SGT Dental Library SGT Dental Library 11/05/2022 Ahuja Book Co. Pvt. Ltd. 3740.00 SGTU 14353   617.6342 P21B FD8687 11/05/2022   16/04/2022 Books